[Event "Wch U10 Girls"]
[Site "Belfort"]
[Date "2005.07.27"]
[Round "10"]
[White "Milotunovic, Stefana"]
[Black "Eid, Maha"]
[Result "1/2-1/2"]
[WhiteElo "1599"]
[BlackElo "1599"]
[PlyCount "43"]
[EventDate "2005.07.??"]
[EventType "swiss"]
[EventRounds "11"]
[EventCountry "FRA"]
[SourceTitle "CBM 107 Extra"]
[Source "ChessBase"]
[SourceDate "2005.09.01"]
[SourceVersion "1"]
[SourceVersionDate "2005.09.01"]
[SourceQuality "1"]

1. d4 d5 2. c4 e6 3. Nc3 Be7 4. cxd5 exd5 5. Qc2 Nf6 6. Bg5 c6 7. e3 0-0 8. Bd3 h6 9. Bh4 Re8 10. Nf3 Ne4 11. Bxe7 Qxe7 12. Bxe4 dxe4 13. Nd2 f5 14. 0-0 Be6 15. Rfc1 Nd7 16. Rab1 Rac8 17. b4 Nb6 18. Na4 Nd5 19. a3 b6 20. Nc3 Nf6 21. Ne2 Nd5 22. Nc3 1/2-1/2